Analysis of the Number of European Union Citizens Working in the Regions of Slovakia in the Period 2013-2019

Analýza regiónov Slovenska na základe počtu pracujúcich občanov členských štátov Európskej únie v rokoch 2013 – 2019. Zisťovanie, v ktorom kraji sa počet pracujúcich cudzincov zvýšil najviac, a v ktorom najmenej pomocou príspevkovej metódy. Na analýzu zmien v štruktúre analyzovaného ukazovateľa je p...

Full description

Saved in:
Bibliographic Details
Main Author: Hurbánková, Ľubica, 1980-
Format: Book Chapter
Language:English
Subjects:
Tags: Add Tag
No Tags, Be the first to tag this record!

MARC

LEADER 00000naa$a2200000$$$4500
001 0282853
005 20240502083909.5
041 0 |a eng 
044 |a RS 
245 1 0 |a Analysis of the Number of European Union Citizens Working in the Regions of Slovakia in the Period 2013-2019  |c Ľubica Hurbánková 
520 |a Analýza regiónov Slovenska na základe počtu pracujúcich občanov členských štátov Európskej únie v rokoch 2013 – 2019. Zisťovanie, v ktorom kraji sa počet pracujúcich cudzincov zvýšil najviac, a v ktorom najmenej pomocou príspevkovej metódy. Na analýzu zmien v štruktúre analyzovaného ukazovateľa je použitý Suslovov koeficient podobnosti štruktúr. 
610 2 0 |a zamestnanosť 
610 2 0 |a zamestnávanie cudzincov 
610 2 0 |a regióny 
610 2 0 |a kraje 
610 2 0 |a Slovensko 
610 2 0 |a Európska únia 
100 1 |a Hurbánková, Ľubica, 1980-